000 00801nam a2200217Ia 4500
001 7246
003 GE_BSU
008 181216s||||||||xx |||||||||||||| ||und||
040 _cGE_BSU
080 _a665.521.5
100 _aБрейтуаэит,Е.Р.
245 _aТвердые смазочные материалы и антифрикционные покрытия=SOLID LUBRICANTS AHD SUREACES.
245 _cПод ред. В.В.Синицына, ред. С.И.Бабушкина.
250 _aперевод с английского С.Д.Клюшнева.
260 _aМ.
260 _bХимия.
260 _c1967.
300 _a320стр.22см.
653 _aТвердые смазочные материалы и антифрикционные покрытия
942 _cBK
999 _c40619
_d40619